A money-market primer, and key to the exchanges

Gespeichert in:
Bibliographische Detailangaben
Format: Buch
Sprache:Englisch
Veröffentlicht: London Wilson 1896
Tags: Tag hinzufügen
Keine Tags, Fügen Sie das erste Tag hinzu!

MARC

LEADER 00000nam a2200000 4500
001 0312520
005 20250930105755.3
041 0 |a eng 
044 |a GB 
245 1 0 |a A money-market primer, and key to the exchanges  |c George Clare 
264 1 |a London  |b Wilson  |c 1896